000 00761nam a2200181Ia 4500
008 100921s9999 xx 000 0 und d
082 _b16953
_a928 थ 80
100 _aभावे पुरूषोत्तम भास्कर.
245 _aप्रथमपुरूषी एकवचनी खंड-1.
260 _bविश्वमोहिनी प्रकाशन,पुणे.
_c1980
300 _a253
_b---
365 _b40
520 _aचरित्रे-साहित्यिक.
630 _aप्रथमपुरूषी एकवचनी खंड-1.
650 _aचरित्रे-साहित्यिक.
730 _aप्रथमपुरूषी एकवचनी खंड-1.
942 _cBOOK
999 _c766066
_d766063